[Event "Mittelrhein Verbandsliga-N 18/19"]
[Site "Nordrheinwestfalen"]
[Date "2018.10.28"]
[Round "3.8"]
[White "Proessdorf, Lennard"]
[Black "Rath, Henning"]
[Result "1-0"]
[WhiteElo "1803"]
[BlackElo "1498"]
[PlyCount "79"]
[EventDate "2018.09.02"]
[EventType "team-tourn"]
[EventRounds "12"]
[EventCountry "GER"]
[SourceTitle "EXT 2022"]
[Source "ChessBase"]
[SourceDate "2021.10.06"]
[SourceVersion "1"]
[SourceVersionDate "2021.10.06"]
[SourceQuality "1"]
[WhiteTeam "Leverkusen SC Bayer"]
[BlackTeam "Koeln Worringen"]
[WhiteTeamCountry "GER"]
[BlackTeamCountry "GER"]

1. e4 d5 2. Nc3 d4 3. Nce2 e5 4. Nf3 Nc6 5. Ng3 Nf6 6. Bc4 Bd6 7. 0-0 0-0 8. d3 Na5 9. Bb5 a6 10. Ba4 b5 11. Bb3 Bb7 12. Nf5 c5 13. Bd2 Nxb3 14. axb3 Rc8 15. Nxd6 Qxd6 16. Nh4 c4 17. bxc4 bxc4 18. Nf5 Qe6 19. Bb4 Rfe8 20. Nd6 cxd3 21. cxd3 Qd7 22. Nxe8 Qxe8 23. Rc1 Qb5 24. Rxc8+ Bxc8 25. Qd2 Bb7 26. Rc1 Nd7 27. Ba3 h6 28. Rc4 a5 29. Qc2 Ba6 30. Rc7 Nb6 31. Rc5 Qxd3 32. Qxd3 Bxd3 33. Rxe5 Nc4 34. Rd5 Nxa3 35. Rxd4 Nc4 36. Rxd3 Nxb2 37. Rd4 a4 38. f3 a3 39. Rd8+ Kh7 40. Ra8 1-0